000 00720nam a2200229 a 4500
001 BRCA_5313
005 20190320205028.0
008 021210s1938----fr-a######---#000-0#fre-#
041 _afre
044 _afr
050 4 _aN8050
_b.C47 1938
245 1 0 _aChrist´s Image
_cintroduction by Pierre Mornand with a foreword ´What was the beauty of Jesus´ by Francois Mauriac.
260 _aParís
_bFrench Library of Fine Arts
_c1938
300 _a30 p.
_bil. (algunas a color), 128 láminas
_c33 cm.
500 _aIncluye índice de ilustraciones
500 _aE90B
600 1 4 _aJesucristo
_xArte
_92253
700 1 _aMornand, Pierre
_913627
700 1 _aMauriac, Francois
_913628
902 _aGFM
942 _2lcc
_cB
999 _c5007
_d5007